Library Banner

Guru = گرو : (Record no. 121348)

MARC details
000 -LEADER
fixed length control field 00664nam a22001817a 4500
005 - DATE AND TIME OF LATEST TRANSACTION
control field 20210213103557.0
008 - FIXED-LENGTH DATA ELEMENTS--GENERAL INFORMATION
fixed length control field 210213b ||||| |||| 00| 0 eng d
020 ## - INTERNATIONAL STANDARD BOOK NUMBER
International Standard Book Number 9789696621607
040 ## - CATALOGING SOURCE
Transcribing agency PK-LaUMT
082 ## - DEWEY DECIMAL CLASSIFICATION NUMBER
Classification number 158.1
Item number ABU-G
100 ## - MAIN ENTRY--PERSONAL NAME
Personal name Abu Bakar = ابو بکر ظہور
245 ## - TITLE STATEMENT
Title Guru = گرو :
Remainder of title Qasim Ali nShah ke sath ilmi wa rohani safar ki dastan = قاسم علی شاہ کے ساتھ علمی و روحانی سفر کی داستان /
Statement of responsibility, etc by Abu Bakar = ابو بکر ظہور
260 ## - PUBLICATION, DISTRIBUTION, ETC. (IMPRINT)
Place of publication, distribution, etc Jehlam :
Name of publisher, distributor, etc Book Corner,
Date of publication, distribution, etc 2018
300 ## - PHYSICAL DESCRIPTION
Extent 144 p.
650 ## - SUBJECT ADDED ENTRY--TOPICAL TERM
Topical term or geographic name as entry element Personal improvement-Applied psychology
650 ## - SUBJECT ADDED ENTRY--TOPICAL TERM
Topical term or geographic name as entry element Self esteem
942 ## - ADDED ENTRY ELEMENTS (KOHA)
Koha item type Books
Holdings
Withdrawn status Lost status Damaged status Home library Current library Date acquired Full call number Barcode Date last seen Price effective from Koha item type
      UMT Main Campus UMT Main Campus 2021-02-13 158.1 ABU-G 136551 2021-06-28 2021-02-13 Books